Tenisiści - Nagła śmierć - Statystyki

Ogólne statystyki
  • Ten quiz został rozwiązany 168 razy
  • Średni wynik to 13 z 16
Answers on the Grid
Answers color-coded by a green-red scale on the quiz's grid according to % correct below.
Novak Djokovic
Luciano Darderi
Leo Messi
Hubert Hurkacz
Kevin Durant
Tomas Machac
Jakub Mensik
Wilfredo Leon Venero
Lewis Hamilton
Konrad Bukowiecki
Carlos Alcaraz
Gareth Bale
Rafael Nadal
Usain Bolt
Roger Federer
Simone Giannelli
Lorenzo Musetti
Frances Tiafoe
Taylor Fritz
Jannik Sinner
Brandon Nakashima
Afimico Pululu
Justin Timberlake
Alexander Bublik
Joao Fonseca
Ugo Humbert
Charles Leclerc
Eminem
Barack Obama
Jeremy Sochan
 
Statystyki odpowiedzi
Odpowiedź % Poprawnych
Novak Djokovic
96%
Hubert Hurkacz
94%
Rafael Nadal
93%
Carlos Alcaraz
92%
Roger Federer
91%
Jannik Sinner
88%
Lorenzo Musetti
78%
Alexander Bublik
77%
Jakub Mensik
77%
Taylor Fritz
77%
Frances Tiafoe
74%
Brandon Nakashima
72%
Tomas Machac
72%
Ugo Humbert
69%
Luciano Darderi
68%
Joao Fonseca
64%
Nie znaleziono quizów pasujących do podanych kryteriów
Rozkład punktacji
Procent ludzi z każdym wynikiem
Percentyl według liczby udzielonych odpowiedzi
Twoja historia wyników
Nie rozwiązałeś tego quizu